000 00910cam a2200265 4500
008 090401t1996 xxu||||| |||| 00| 0 eng d
020 _a0854067647
035 _a(Sirsi) u65267
041 0 _aeng
050 0 4 _a711.554 $2 18
090 _aRICS 1996/42ABCD
110 2 _aRoyal Institution of Chartered Surveyors
_bPlanning Practice Skills Panel
_94513
245 0 0 _aAgricultural occupancy conditions
_bguidance note prepared by the Planning Practice Skills Panel
260 _aLondon
_bRICS
_c1996
300 _a17p.
_c30cm.
350 _a10.50
490 0 _aRICS Guidance Note
520 _aDesigned to help the non-expert practitioner with planning procedure, providing accurate information in a simple jargon-free style.
520 _aWithdrawn 2002.
650 2 4 _aPPG7
651 4 _aEngland and Wales
_y1543-
690 _aPlanning and development
_96259
942 _n0
948 _c04/03/1997
999 _c94748
_d94748